000 00392nam a2200121Ia 4500
008 220216s9999 xx 000 0 und d
100 _aBhaumik S
245 0 _aThermal analysis of ethylene propylene rubber-chlorosulphonated polyethylene rubber blends
260 _bPlastics Rubber and Composites: Processing and Applications
_c1995
300 _a319-323
700 _aDatta N K
942 _cJS
999 _c71199
_d71199